Gold and the dollar crisis : The future of convertibility

Gespeichert in:
Bibliographische Detailangaben
1. Verfasser: Triffin, Robert
Format: Buch
Sprache:Undetermined
Veröffentlicht: New York Yale university Press 1964
Schlagworte:
Tags: Tag hinzufügen
Keine Tags, Fügen Sie den ersten Tag hinzu!
Thư viện lưu trữ: Trung tâm Học liệu Trường Đại học Cần Thơ
LEADER 00551nam a2200193Ia 4500
001 CTU_79259
008 210402s9999 xx 000 0 und d
082 |a 332.4973 
082 |b T827 
100 |a Triffin, Robert 
245 0 |a Gold and the dollar crisis : 
245 4 |b The future of convertibility 
245 0 |c Robert Triffin 
260 |a New York 
260 |b Yale university Press 
260 |c 1964 
650 |a Balance of payments,Currency question 
650 |z United States 
980 |a Trung tâm Học liệu Trường Đại học Cần Thơ